00685nam a2200205Ia 4500008004100000020001800041020001500059082001200074082001500086245005600101245005400157250003900211260001100250260002800261260000900289700002200298700003700320999001900357952010300376210417s9999 xx 000 0 und d a9781781545911 b178154591X a624 YAN b22.624 YAN 0aFuzzy randomness : uncertainty in civil engineering 0cFuzzy randomness uncertainty in civil engineering b"xi, 296 p. : ill. ; 26 cm., hbk." aLondon bAuris Reference Limited c2016 a"Yang, Yuanlong " bYuanlong Yang and Fangmeng Zheng c490899d490899 00102ddc4070aACLbACLc6Ad2021-04-17l0o624 YANp611522r2026-02-09 00:00:00w2021-04-17yBK